000 00458 a2200157 4500
003 OSt
005 20231107161900.0
008 231107b |||||||| |||| 00| 0 eng d
040 _coclc
082 _a297
_bKHA/V
100 _aKhan, Moulana Vaheedudheen
_99859
245 _aViplavathinte Pravachakan /
_cMoulana Vaheedudheen Khan
260 _aKerala:
_bYuvatha,
_c2003.
300 _a232p
942 _2ddc
_cBK
_h297
_iKHA/V
_k297
_mKHA/V
999 _c42876
_d42876